Ain - mort subite - Statistiques

Statistiques générales
  • Ce quiz a été pris 41 fois
  • Le résultat moyen est 8 sur 18
Answers on the Grid
Answers color-coded by a green-red scale on the quiz's grid according to % correct below.
Une banlieue de Lyon
Les monts Jura
Toulon
Narbonne
Neuchâtel
Le grand collisionneur de hadrons
Une montagne de 2000 m
Cannes
Bourg en Bresse
Le Lac Léman
Les Dombes
Nantes
Belley
Ambérieu-en-Bugey
La Saône
Gex
Nantua
Le Mont Blanc
Le barrage de Génissiat
Oyonnax
Le plus haut sommet des monts Jura
La première ville de France à avoir éclairé ses rues à l'électricité
L'Aéroport de Genève
Ars
Yverdon-les-Bains
Ninove
Dijon
Le Rhône
Crêt de la Neige
Meximieux
EuroAirport
Grand-Saconnex
Saint-Julien-en-Genevois
Collonges-au-Mont-d'Or
Porrentruy
Saint-Marc
 
Statistiques - réponses
Réponse % Correct
Bourg en Bresse
79%
Les monts Jura
72%
Une banlieue de Lyon
69%
Ambérieu-en-Bugey
62%
Gex
62%
Les Dombes
62%
Nantua
62%
Oyonnax
62%
Belley
55%
Meximieux
45%
Le Rhône
41%
La Saône
34%
Bellegarde-sur-Valserine, 1884 La première ville de France à avoir éclairé ses rues à l'électricité
21%
Le plus haut sommet des monts Jura
21%
Crêt de la Neige
17%
Le barrage de Génissiat
17%
Le grand collisionneur de hadrons
17%
Ars
14%
Aucun quiz correspondant
Distribution des résultats
% des personnes avec chaque résultat
Percentile par nombre de réponses
Votre historique - résultats
Vous n’avez pas pris ce quiz